| 000 | 00755nam a2200229Ia 4500 | ||
|---|---|---|---|
| 001 | 10174 | ||
| 003 | GE_BSU | ||
| 008 | 181216s||||||||xx |||||||||||||| ||und|| | ||
| 040 | _cGE_BSU | ||
| 080 | _a821.353.1–1 | ||
| 100 | _aსულაბერიძე,ლადო | ||
| 245 | _aჩრდილები მღერიან | ||
| 245 | _bლექსები | ||
| 245 | _cრედ.ლ.ნანიტაშვილი.მხატვ.ი.ჯანაშვილი | ||
| 260 | _aთბილისი | ||
| 260 | _bსაბჭოთა საქართველო | ||
| 260 | _c1968 | ||
| 300 | _a198გვ.16სმ. | ||
| 653 | _aლექსები | ||
| 653 | _aჩრდილები მღერიან | ||
| 942 | _cBK | ||
| 999 |
_c43444 _d43444 |
||